Responses for Show #732 - Tuesday, November 10, 1987

1987 Tournament of Champions quarterfinal game 2.

Contestants

[<< previous game]

Michael Galvin, a student from Shaker Heights, Ohio

Frank Hughes, an account executive from Torrance, California

Richard Cordray, a judicial clerk from Grove City, Ohio

[next game >>]

Jeopardy! Round responses

WORLD CAPITALS
APOLLO 11
STORYTELLERS
MR. MOVIES
MEATS
ANCIENT VIPs
    $100 26
Prague

Richard
    $100 3
Cape Kennedy

Richard
    $100 20
Ishmael

Frank
    $100 21
A Vacation

Frank
    $100 17
ham

Frank
    $100 16
(Frank: Who is Aristotle?)

Socrates

FrankMichael
    $200 7
Saudi Arabia

Richard
    $200 22
the Sea of Tranquility

Michael
    $200 15
Paul Harvey

Richard
    $200 19
Looking for Mr. Goodbar

Richard
    $200 30
horse

Michael
    $200 13
Solomon

Richard
    $300 6
Mexico & Libya

Frank
    $300 23
Saturn

Michael
    $300 14
Arlo Guthrie

Richard
    $300 18
Jack Lemmon

Frank
    $300 29
snail

Michael
    $300 12
Pericles

Richard
    $400 5
Santo Domingo

Michael
    $300 24
Neil Armstrong, Buzz Aldrin, and Michael Collins

Michael
    $400 2
Shelley Duvall

Frank
    $400 9
Mr. Smith Goes to Washington

Richard
    $400 28
halibut

Frank
    $400 11
Claudius

Richard
    $500 4
New Delhi, India

Richard
    $500 25
Columbia

Triple Stumper
    $500 1
James Thurber

Michael
    $500 8
Clifton Webb

Frank
    $500 27
smoke

Triple Stumper
    $500 10
(Michael: Who is Darius?)

Cyrus the Great

RichardMichael

Scores at the first commercial break (after clue 13):

Richard Frank Michael
$2,600 $1,200 $400

Scores at the end of the Jeopardy! Round:

Richard Frank Michael
$3,400 $2,100 $1,800

Double Jeopardy! Round responses

PHYSICS
PRESIDENTS
STARTS WITH "P"
POETIC TERMS
NEPAL
GREAT DAMES
    $200 1
Isaac Newton

Frank
    $200 15
(Alex: Song was "I Like Ike.")

Dwight Eisenhower

Michael
    $200 2
perambulator

Frank
    $200 20
Italy

Richard
    $200 26
the flag of Nepal

Richard
    $200 11
Agatha Christie

Frank
    $400 7
(Richard: What is a machine?)
(Alex: Be more specific.)

steam engine

Richard
    $400 16
Whig

Michael
    $200 3
(Frank: What is Pinocchio?)
(Alex: I bet Michael wishes he'd gotten this clue!)

Picnic

Frank
    $400 19
Limerick

Michael
    $400 27
Buddha

Richard
    $400 12
(Frank: Who is Dame Mae Whittie?)

Dame Judith Anderson

Frank
Triple Stumper
    $600 22
(Richard: What is gravity?)
...
(Alex: The air, yes.)

the atmosphere

RichardFrank
    $600 17
Herbert Hoover

Richard
    $600 4
Peking Man

Frank
    $600 10
poetic license

Frank
    $600 28
Tenzing Norgay

Michael
    $600 13
(Richard: Who is Pavlova?)

Dame Margot Fonteyn

Richard
Triple Stumper
    $800 23
inertia

Michael
    $1,200 18
William Howard Taft

Richard
    $800 5
Pearl

Michael
    $800 9
Edmund Spenser

Richard
    $800 29
Kathmandu

Michael
    $800 14
Dame Peggy Ashcroft

Triple Stumper
    $1000 24
velocity

Richard
    $1000 21
James K. Polk

Richard
    $1000 6
pinion

Triple Stumper
    $1000 8
onomatopoeia

Michael
    $1000 30
Gurkhas

Frank
    $1000 25
Kiri Te Kanawa

Michael

Scores at the end of the Double Jeopardy! Round:

Richard Frank Michael
$8,000 $4,900 $7,800

Final Jeopardy! Round responses

THE BIBLE
FrankWhat is the book of Moses?
$0
MichaelWhat is the book of Job? Go Browns!
$800
RichardWhat is Job?
$1,900
Job

Final scores:

Richard Frank Michael
$9,900 $4,900 $8,600
Automatic semifinalist 3rd place: $1,000 if eliminated 2nd place: $1,000 if eliminated

Game dynamics:

Coryat scores:

Richard Frank Michael
$7,600 $5,100 $7,900
21 R
(including 1 DD),
2 W
15 R,
3 W
(including 1 DD)
17 R
(including 1 DD),
1 W

Combined Coryat: $20,600

[game clues] [game scores] [suggest correction]

Game tape date: 1987-10-26
The J! Archive is created by fans, for fans. Scraping, republication, monetization, and malicious use prohibited; this site may use cookies and collect identifying information. See terms. The Jeopardy! game show and all elements thereof, including but not limited to copyright and trademark thereto, are the property of Jeopardy Productions, Inc. and are protected under law. This website is not affiliated with, sponsored by, or operated by Jeopardy Productions, Inc. Join the discussion at JBoard.tv.